000 00478nam a2200181Ia 4500
008 240925s9999 xx 000 0 und d
020 _a130200069
082 _a620.1053 HIB
100 _aHibbeler, R. C.
245 0 _aEngineering Mechanics Statics
250 _a9th
260 _aNew Jersey:
_bPrintice- Hall Int.
_c,2001.
300 _aVarious pages
_bNA
_fOriginal
500 _aIncludes Index
600 _aElectrical Engineering
650 _aTechnology
942 _cBK
999 _c10460
_d10460